000 00528nam a2200145Ia 4500
003 GCL
008 140319s9999 xx 000 0 ara d
040 _aGCL /
_cGCL
082 0 4 _a811.72
_bع ج
100 1 _aعبدالستار ضيف
245 1 0 _aجار الله محمود بن عمر الزمخشرى : حياته وشعره /
_cعبدالستار ضيف
700 1 _aالزمخشرى: جارالله ابوالقاسم محمود بن عمر بن محمد بن احمد الخورازمى
300 _a302 ص
490 _a
999 _c37826
_d37826